000
00205nam a22000977a 4500
082
_a
894.812.3
_b
RAM/U
100
_a
RAMACHANDRAN, PUTHUSSERY
245
_a
ULSAVABALI
650
_a
MALAYALAM STORY
942
_c
BK
999
_c
7707
_d
7707